Symmetric Recessions and Asymmetric Recoveries
Globálna finančná kríza v rokoch 2008 a 2009 poskytla výrazný odraz toho, ako by mohli byť synchronizované národné prepady hospodárskeho cyklu. Dynamika konkrétnych klastrov medzi jednotlivými priemyselnými krajinami.
Guardado en:
| Autor principal: | |
|---|---|
| Otros Autores: | |
| Formato: | Capítulo de libro |
| Lenguaje: | inglés |
| Materias: | |
| Etiquetas: |
Sin Etiquetas, Sea el primero en etiquetar este registro!
|
MARC
| LEADER | 00000nla a2200000 4500 | ||
|---|---|---|---|
| 001 | 0212901 | ||
| 005 | 20240502083533.2 | ||
| 041 | 0 | |a eng | |
| 044 | |a CZ | ||
| 245 | 1 | 0 | |a Symmetric Recessions and Asymmetric Recoveries |c Ľubomíra Gertler, Rudolf Sivák |
| 520 | |a Globálna finančná kríza v rokoch 2008 a 2009 poskytla výrazný odraz toho, ako by mohli byť synchronizované národné prepady hospodárskeho cyklu. Dynamika konkrétnych klastrov medzi jednotlivými priemyselnými krajinami. | ||
| 610 | 2 | 0 | |a cykly hospodárske |
| 610 | 2 | 0 | |a šoky hospodárske |
| 610 | 2 | 0 | |a proces reprodukčný |
| 610 | 2 | 0 | |a pohyb ekonomický |
| 610 | 2 | 0 | |a pohyb cyklický hospodárstva |
| 610 | 2 | 0 | |a dynamika ekonomiky |
| 610 | 2 | 0 | |a recesia |
| 100 | 1 | |a Gertler, Ľubomíra, 1977- | |
| 700 | 1 | |a Sivák, Rudolf, 1955- | |